Psicopatología del niño y del adolescente

Salvato in:
Dettagli Bibliografici
Autori principali: Wicks-Nelson, Rita (Autore), Israel, Allen C (Autore)
Natura: Libro
Lingua:spagnolo
Pubblicazione: Madrid Pearson Educación 1997
Edizione:1a. ed
Soggetti:
Tags: Aggiungi Tag
Nessun Tag, puoi essere il primo ad aggiungerne!!

MARC

LEADER 00000nam a2200000 a 4500
001 UCI4212
003 CL-VaPUC
005 20250123110855.0
008 071228e19970000SP |||||||||||||||||spa|d
999 |c 328190  |d 328188 
020 |a 8483220156 
040 |c Pontificia Universidad Católica de Valparaíso 
082 0 4 |a 616.89  |b WIC  |2 21 
100 0 |a Wicks-Nelson, Rita  |e author  |9 525957 
245 1 0 |a Psicopatología del niño y del adolescente 
250 |a 1a. ed 
260 |a Madrid  |b Pearson Educación  |c 1997 
300 |a 494 p 
583 |a last modification  |c 20071228 00:00:00  |k Rodrigo Vera 
650 0 |a Psicopatología  |9 311363  |x Niños  |x Adolescentes 
650 0 |a Trastornos  |9 307305  |x Niños  |x Adolescentes 
700 0 |a Israel, Allen C  |e author  |9 525958 
942 |c BK  |2 ddc 
945 |d 20071228 00:00:00  |a cmena 
952 |0 0  |1 0  |4 0  |6 616_890000000000000_WIC_1997  |7 0  |8 A  |9 411986  |a BIBEDU  |b BIBEDU  |c ES_NOD  |d 2019-11-22  |i 4327381  |l 1  |m 1  |o 616.89 WIC 1997  |p 4327381  |r 2025-04-29  |s 2025-04-14  |w 2019-11-22  |y BK  |k FIL